LIBRARY & INFORMATION CENTRE, KCAET, TAVANUR

ONLINE PUBLIC ACCESS CATALOGUE (OPAC)

Living English structure / (Record no. 11436)

MARC details
000 -LEADER
fixed length control field 00522cam a2200217ua 4500
041 ## - LANGUAGE CODE
Language code of text/sound track or separate title eng
082 ## - DEWEY DECIMAL CLASSIFICATION NUMBER
Classification number 425
Item number ALL/LI
100 ## - MAIN ENTRY--AUTHOR NAME
Personal name Allen, Stannard W .
245 ## - TITLE STATEMENT
Title Living English structure /
250 ## - EDITION STATEMENT
Edition statement 4 /
260 ## - PUBLICATION, DISTRIBUTION, ETC. (IMPRINT)
Place of publication London :
Name of publisher Longman Green and Co ,
Year of publication 1966.
300 ## - PHYSICAL DESCRIPTION
Number of Pages 349 ; .
942 ## - ADDED ENTRY ELEMENTS (KOHA)
Koha item type Books
Holdings
Withdrawn status Lost status Damaged status Home library Current library Date acquired Full call number Accession Number Koha item type
Withdrawn     KAUAET KAUAET 29/01/2021 425 ALL/LI 5516 Books
Withdrawn     KAUAET KAUAET 29/01/2021 425 ALL/LI 5518 Books
Withdrawn     KAUAET KAUAET 16/11/2023 425 ALL/LI 11478 Books
Withdrawn     KAUAET Sanskrit University 07/04/2012 425 11477 Books
Withdrawn     KAUAET Sanskrit University 07/04/2012 425 10843 Books
Withdrawn     KAUAET Sanskrit University 07/04/2012 425 5517 Books
Withdrawn     KAUAET Sanskrit University 07/04/2012 425 11168 Books
free website counter